Potato Research and Promotion : hearings before the United States House Committee on Agriculture, Subcommittee on Domestic Marketing and Consumer Relations, Ninety-First Congress, first session, on Apr. 17, 18, 1969.

Committee Serial F. Considers H.R. 2777, the Potato Research and Promotion Act, and several similar bills, to authorize establishment of an industry-financed National Potato Promotion Board by USDA to conduct programs to improve potatoes and potato marketing.

Bibliographic Details
Corporate Authors: United States. Congress. House. Committee on Agriculture. Subcommittee on Domestic Marketing and Consumer Relations, ProQuest (Firm)
Format: Government Document eBook
Language:English
Published: Washington : U.S. G.P.O., 1969.
Series:U.S. Congressional Hearings.
Subjects:
Online Access:Connect to the full text of this electronic book

MARC

Tag First Indicator Second Indicator Subfields
LEADER 00000cam a22000001a 4500
001 in00003204739
006 m d f
007 cr bn mmmapmmp
008 090623s1969 dcu o f000 0 eng d
005 20260604202145.1
035 |a cis2007432106 
040 |a UMI  |c UMI  |d UtOrBLW 
043 |a n-us--- 
086 0 |a Y 4.Ag 8/1:P 84/12/969 
099 |a HRG-1969-HAG-0012 
110 1 |a United States.  |b Congress.  |b House.  |b Committee on Agriculture.  |b Subcommittee on Domestic Marketing and Consumer Relations. 
245 1 0 |a Potato Research and Promotion :  |b hearings before the United States House Committee on Agriculture, Subcommittee on Domestic Marketing and Consumer Relations, Ninety-First Congress, first session, on Apr. 17, 18, 1969. 
264 1 |a Washington :  |b U.S. G.P.O.,  |c 1969. 
300 |a 1 online resource. 
336 |a text  |b txt  |2 rdacontent 
337 |a computer  |b c  |2 rdamedia 
338 |a online resource  |b cr  |2 rdacarrier 
500 |a Record is based on bibliographic data in ProQuest Congressional Hearings Digital Collection. Reuse except for individual research requires license from ProQuest, LLC. 
520 |a Committee Serial F. Considers H.R. 2777, the Potato Research and Promotion Act, and several similar bills, to authorize establishment of an industry-financed National Potato Promotion Board by USDA to conduct programs to improve potatoes and potato marketing. 
520 |a Considers (91) H.R. 2777, (91) H.R. 4220, (91) H.R. 8391, (91) H.R. 8851, (90) H.R. 15030. 
538 |a System requirements: PDF reader software. 
500 |a Electronic resource. 
650 0 |a Potatoes  |x Law and legislation  |z United States. 
650 0 |a Potatoes  |z United States  |x Marketing. 
655 7 |a Electronic books.  |2 local 
710 2 |a ProQuest (Firm) 
776 0 8 |i Print version:  |a United States. Congress. House. Committee on Agriculture. Subcommittee on Domestic Marketing and Consumer Relations.  |t Potato Research and Promotion 
776 0 8 |i Microfiche version:  |a United States. Congress. House. Committee on Agriculture. Subcommittee on Domestic Marketing and Consumer Relations.  |t Potato Research and Promotion.  |d [Bethesda, Md.] : ProQuest,[2004]  |o CIS Hrgs MF Gp 3--(91) H2390-6  |w (ProQuest)cis10801698 
830 0 |a U.S. Congressional Hearings. 
856 4 0 |u http://proxy.library.tamu.edu/login?url=https://congressional.proquest.com/congcomp/getdoc?HEARING-ID=HRG-1969-HAG-0012  |z Connect to the full text of this electronic book  |t 0 
998 |a cis10801698 
999 |a MARS 
999 f f |s e628770b-889a-3943-b8ff-a76d532db404  |i bfe72ac4-5c9f-3a86-a408-4a62aadf1c6e  |t 0 
952 f f |a Texas A&M University  |b College Station  |c Electronic Resources  |s www_evans  |d Available Online  |t 0  |e HRG-1969-HAG-0012  |h Other scheme 
998 f f |a HRG-1969-HAG-0012  |t 0  |l Available Online